| 000 -LEADER |
| fixed length control field |
02739cam a22004214a 4500 |
| 001 - CONTROL NUMBER |
| control field |
13694468 |
| 003 - CONTROL NUMBER IDENTIFIER |
| control field |
NUST |
| 005 - DATE AND TIME OF LATEST TRANSACTION |
| control field |
20180125094506.0 |
| 008 - FIXED-LENGTH DATA ELEMENTS--GENERAL INFORMATION |
| fixed length control field |
040820s2005 njua b 001 0 eng |
| 010 ## - LIBRARY OF CONGRESS CONTROL NUMBER |
| LC control number |
2004019935 |
| 020 ## - INTERNATIONAL STANDARD BOOK NUMBER |
| International Standard Book Number |
0471650714 (cloth) |
| 035 ## - SYSTEM CONTROL NUMBER |
| System control number |
(DNLM)101227552 |
| 040 ## - CATALOGING SOURCE |
| Original cataloging agency |
DNLM/DLC |
| Transcribing agency |
DLC |
| Modifying agency |
DLC |
| 042 ## - AUTHENTICATION CODE |
| Authentication code |
pcc |
| 050 00 - LIBRARY OF CONGRESS CALL NUMBER |
| Classification number |
QR48 |
| Item number |
.B53 2005 |
| 060 10 - NATIONAL LIBRARY OF MEDICINE CALL NUMBER |
| Classification number |
QW 80 |
| Item number |
B624w 2005 |
| 082 00 - DEWEY DECIMAL CLASSIFICATION NUMBER |
| Classification number |
628.301 BIT |
| Edition number |
22 |
| 100 1# - MAIN ENTRY--PERSONAL NAME |
| Personal name |
Bitton, Gabriel. |
| 9 (RLIN) |
5831 |
| 245 10 - TITLE STATEMENT |
| Title |
Wastewater microbiology / |
| Statement of responsibility, etc. |
Gabriel Bitton. |
| 250 ## - EDITION STATEMENT |
| Edition statement |
3rd ed. |
| 260 ## - PUBLICATION, DISTRIBUTION, ETC. |
| Place of publication, distribution, etc. |
Hoboken, N.J. : |
| Name of publisher, distributor, etc. |
Wiley-Liss, John Wiley & Sons, |
| Date of publication, distribution, etc. |
c2005. |
| 300 ## - PHYSICAL DESCRIPTION |
| Extent |
xiv, 746 p. : |
| Other physical details |
ill. ; |
| Dimensions |
26 cm. |
| 500 ## - GENERAL NOTE |
| General note |
H.P |
| 504 ## - BIBLIOGRAPHY, ETC. NOTE |
| Bibliography, etc. note |
Includes bibliographical references and index. |
| 505 0# - FORMATTED CONTENTS NOTE |
| Formatted contents note |
The microbial world -- Microbial metabolism and growth -- Role of microorganisms in biogeochemical cycles -- Pathogens and parasites in domestic wastewater -- Microbial indicators of fecal contamination -- Water and wastewater disinfection -- Introduction to wastewater treatment -- Activated sludge process -- Bulking and foaming in activated sludge plants -- Processes based on attached microbial growth -- Waste stabilizations ponds -- Sludge microbiology -- Anaerobic digestion of wastewater and biosolids -- Bioaerosols and bioodors from wastewater treatment plants -- Microbiological aspects of drinking water treatment -- Microbiological aspects of drinking water distribution -- Bioterrorism and drinking water safety -- Pollution control biotechnology -- Fate of xenobiotics and toxic metals in wastewater treatment plants -- Toxicity testing in wastewater treatment plants using microorganisms -- Public health aspects of wastewater and biosolids disposal on land -- Public health aspects of wastewater and biosolids disposal in the marine environment. |
| 650 #0 - SUBJECT ADDED ENTRY--TOPICAL TERM |
| Topical term or geographic name entry element |
Sanitary microbiology. |
| 9 (RLIN) |
2527 |
| 650 #0 - SUBJECT ADDED ENTRY--TOPICAL TERM |
| Topical term or geographic name entry element |
Water |
| General subdivision |
Microbiology. |
| 9 (RLIN) |
5833 |
| 650 #0 - SUBJECT ADDED ENTRY--TOPICAL TERM |
| Topical term or geographic name entry element |
Sewage |
| General subdivision |
Microbiology. |
| 9 (RLIN) |
5834 |
| 650 12 - SUBJECT ADDED ENTRY--TOPICAL TERM |
| Topical term or geographic name entry element |
Sewage |
| General subdivision |
microbiology. |
| 9 (RLIN) |
5834 |
| 650 12 - SUBJECT ADDED ENTRY--TOPICAL TERM |
| Topical term or geographic name entry element |
Water Microbiology. |
| 9 (RLIN) |
5836 |
| 650 22 - SUBJECT ADDED ENTRY--TOPICAL TERM |
| Topical term or geographic name entry element |
Safety Management. |
| 9 (RLIN) |
5837 |
| 650 22 - SUBJECT ADDED ENTRY--TOPICAL TERM |
| Topical term or geographic name entry element |
Water Purification |
| General subdivision |
methods. |
| 9 (RLIN) |
5838 |
| 856 41 - ELECTRONIC LOCATION AND ACCESS |
| Materials specified |
Table of contents only |
| Uniform Resource Identifier |
<a href="http://www.loc.gov/catdir/toc/ecip0422/2004019935.html">http://www.loc.gov/catdir/toc/ecip0422/2004019935.html</a> |
| 856 42 - ELECTRONIC LOCATION AND ACCESS |
| Materials specified |
Contributor biographical information |
| Uniform Resource Identifier |
<a href="http://www.loc.gov/catdir/enhancements/fy0616/2004019935-b.html">http://www.loc.gov/catdir/enhancements/fy0616/2004019935-b.html</a> |
| 856 42 - ELECTRONIC LOCATION AND ACCESS |
| Materials specified |
Publisher description |
| Uniform Resource Identifier |
<a href="http://www.loc.gov/catdir/enhancements/fy0616/2004019935-d.html">http://www.loc.gov/catdir/enhancements/fy0616/2004019935-d.html</a> |
| 906 ## - LOCAL DATA ELEMENT F, LDF (RLIN) |
| a |
7 |
| b |
cbc |
| c |
orignew |
| d |
1 |
| e |
ecip |
| f |
20 |
| g |
y-gencatlg |
| 942 ## - ADDED ENTRY ELEMENTS (KOHA) |
| Source of classification or shelving scheme |
|
| Koha item type |
Reference |
| Call number prefix |
IESE |